000 01535cam a22004454a 4500
001 muse85087
003 MdBmJHUP
005 20210127151627.0
006 m o d
007 cr||||||||nn|n
008 040329s2004 mx o 00 0 spa d
010 _z 2004404077
020 _a9786076289624
020 _z9681211286
020 _z9789681211288
035 _a(OCoLC)654687264
040 _aMdBmJHUP
_cMdBmJHUP
043 _an-mx---
050 0 4 _aHV6250.4.W65
_bV5692 2004
082 0 _a362.82/92/0972
_222
245 0 0 _aViolencia contra las mujeres en contextos urbanos y rurales
_cMarta Torres Falcón, compiladora.
250 _a1. ed.
264 1 _bPrograma Interdisciplinario de Estudios de la Mujer, Colegio de Mexico,
264 3 _bProject MUSE,
300 _a1 online resource (447 p.) :
_bmaps ;
504 _aIncludes bibliographical references.
506 0 _aOpen Access
_fUnrestricted online access
_2star
588 _aDescription based on print version record.
650 0 _aFamily violence
_zMexico.
650 0 _aWomen
_xViolence against
_zMexico.
655 7 _aElectronic books.
_2local
700 1 _aTorres Falcón, Marta.
710 2 _aProject Muse.
_edistributor
830 0 _aBook collections on Project MUSE.
856 4 0 _zFull text available:
_uhttps://muse.jhu.edu/book/74648/
999 _c26455
_d26455